MDQL
is popping MORE tags! Check the
thread
!
Quizzes
Events
Quiz Creation
Community
Videos
Private Events
Remove Ads
Sign In
Join for FREE
Feedback
Dark Mode
Quiz Categories
Sports
Geography
Music
Movies
Television
Just For Fun
Miscellaneous
History
Literature
Language
Science
Gaming
Entertainment
Religion
Holiday
For Kids
Quiz Lab
Recent
Popular Today
Quiz Kudos Today
Editor Picks
Curator Picks
Quizzes by...
Day
Popularity
Type
Ratings
Length
Year
Community
Subscriptions
Recent Discussions
Orange Saloon
Badges
Playlists
Quests
Create
Leaderboards
Showdown
Live 5
Trivia Bingo
Activity
Puzzle Library
Sporcle Events
Private Events
Virtual Trivia
Globe League
Become a Host
Pub Owners
SporcleCon
Opinionation
Our Games
Videos
Blog
Mobile Apps
Partnerships
Remove Ads and Go Orange
Feedback
Sports
Athletes
MLB
NBA
NHL
NFL
Soccer
Sports Teams
WWE
NCAA
Football
Premier League
Basketball
Baseball
Hockey
Golf
Tennis
Cricket
Rugby
Auto Racing
Olympics
World Cup
Sports
Athletes
MLB
NBA
NHL
NFL
Soccer
Sports Teams
WWE
NCAA
Football
Premier League
Basketball
Baseball
Hockey
Golf
Tennis
Cricket
Rugby
Auto Racing
Olympics
World Cup
Random Quiz
Search Sporcle
×
Quiz Lab
Quiz Lab
Sports
NCAA
Type in answers that appear in a list
Type in answers that appear in a list
Classic
Best Score? Go Orange.
NCAA basketball final four 2000's Stats
Can you name the NCAA basketball final four 2000's?
By
RileyLogsdon
6m
29 Questions
131 Plays
131 Plays
131 Plays
Comments
Comments
Give Quiz Kudos
Give Quiz Kudos
-
- Ratings
hide this ad
Replay
Link that replays current quiz
Next Quiz
Link to next quiz in quiz playlist
You Got
0%
They Got
Avg Score
80%
Avg Friend Score
Upgrade to see
Score Distribution
Jump to the score distribution portion of the page
Score
0/29
Timer
06:00
0
Plays Today
% Correct
Duke
97.7%
North Carolina
96.2%
UCLA
95.4%
Michigan St
94.7%
Florida
94.7%
Kansas
93.9%
Butler
92.4%
Ohio St
91.6%
Kentucky
90.8%
Syracuse
89.3%
Texas
87.8%
Indiana
86.3%
Oklahoma
85.5%
Connecticut
84.7%
Illinois
84%
% Correct
Maryland
83.2%
Arizona
81.7%
Wisconsin
80.2%
Louisville
78.6%
LSU
76.3%
George Mason
76.3%
Oklahoma St
74.8%
Georgia Tech
71.8%
Villanova
71.8%
Georgetown
71%
Memphis
71%
VCU
67.9%
Marquette
64.9%
West Virginia
9.9%
Quiz Playlist
Details
Report
Send in Message
Add To Playlist
Classic:
Type in answers that appear in a list
Last Updated: Feb 16, 2017
Quiz Scoreboard
CHALLENGE
Sign Up to Join the Scoreboard
Show All
Scores
Hide
Comments
May contain spoilers
Recently Published
Find the 'City' Movie
by crazypaving
Movies
60s
5x2 Blitz: Bands
by SL_Kpop136
Music
30s
Colored Red Africa Blitz
by spor1
Geography
30s
More to Explore
Quiz From the Vault
Featured Blog Post
14 Easter Pick-up Lines to Find Eggs With
hide this ad
You Might Also Like...
Tags
Basketball Quiz
NCAA Quiz
2000
final
four
Today's Top Quizzes in Sports
Browse Sports
hide this ad
Today's Top Quizzes in NCAA
Browse NCAA
Top Contributed Quizzes in Sports
1
Les entraîneurs de l'OM et du PSG au 21e siècle
2
Les meilleurs buteurs des matchs entre le PSG et l’OM
3
Players with Multiple 50 Home Run Seasons
4
2022 World Cup Stars
5
Les joueurs passés par le PSG et l'OM
6
NBA Logic Puzzle 2.0
7
Criteria MLB: Left Handed Sluggers
8
MLB Players with Two .350 Batting Average Seasons
9
Top 10 NHL Goal Scorers of All Time
10
Who Hit More Homers?
Explore More
Trending Topics
Harry Potter
NBA
Kpop
Anime
Crossword
Marvel
Disney
Pokémon
WWE
NFL
Song
Country
Puzzle
The Office
Soccer
hide this ad
More By:
RileyLogsdon
Quiz
Plays
Rating
Category
Featured
Created
Oldest Active NBA players (2012-2013)
6,807
4.43
Sports
May 13, 2013
NFL MVPs 1980-2012
3,611
4.31
Sports
Dec 17, 2012
NBA 2013 All Star teams
967
3.89
Sports
Jan 30, 2013
NFL players colleges
244
2.50
Sports
Dec 12, 2012
NFL 40 passing TD's in a season
147
2.00
Sports
Dec 13, 2012
Go to Creator's Profile
Score Distribution
Quiz Creator Spotlight
RileyLogsdon
Follow
Send a Message
Quizzes Created
-
Created Quiz Play Count
-
More By This Creator
Popular Quizzes Today
1
Colored Red Africa Blitz
2
Find the 'City' Movie
3
Find the US States - No Outlines Minefield
4
5x2 Blitz: Bands
5
The Countries of the World
6
Find the US States
7
Find the Countries of Europe - No Outlines Minefield
8
US States
More Sports Quizzes
F1 race leaders 2010-2019
Curator's Pick
Trending Quizzes
Colored Red Europe Blitz I
Colored Red Europe Blitz II
Colored Red Africa Blitz II
Colored Red Europe Blitz III
Colored Red Africa Blitz III
Recently Updated
How Do You Spell That?
pecheneg
Godzilla Movies
pecheneg
Grab Bag: 4-10 Letters
pecheneg
2024 March Madness Bracket
pecheneg
Famous TV Couples
Peacemaker
Champions League XIs: Real Madrid
pecheneg
Largest US Cities 1790-2010
pecheneg
Rides in Walt Disney World
pecheneg
Most Oscar Losses (Acting)
pecheneg
Beyoncé Albums
pecheneg
Trending Topics
Anime
NBA
Marvel
Kpop
Crossword
Disney
Harry Potter
Soccer
WWE
NFL
Puzzle
Song
The Office
Country
Pokémon
Your Account Isn't Verified!
In order to create a playlist on Sporcle, you need to verify the email address you used during registration. Go to your
Sporcle Settings
to finish the process.
Report this User
Report this user for behavior that violates our
Community Guidelines
.
Details:
Send Report
Go to the Sporcle.com Mobile Site →
Comments